Disney Characters by Anagram - Statistics

General Stats
  • This quiz has been taken 53 times
  • The average score is 11 of 24
Answer Stats
Anagram Character % Correct
Cmkyei Usome Mickey Mouse
86%
Laire Ariel
76%
Niweni eth Oohp Winnie the Pooh
67%
Eorgosc CkMucd Scrooge McDuck
64%
Yfokr Forky
62%
Cocnopihi Pinocchio
62%
Gnki Uiloe King Louie
60%
Kicn Edwil Nick Wilde
60%
Kcja Rwspora Jack Sparrow
57%
Ruygmp Grumpy
52%
Amd Thtera Mad Hatter
52%
Eegin Genie
50%
Uima Maui
50%
Pabaum Pumbaa
48%
Nflny Drried Flynn Rider
45%
Kmie Sizwakwo Mike Wazowski
45%
Samoth Y'omleal Thomas O'Malley
38%
Elbalcarle Wco Clarabelle Cow
36%
Fmltaeicne Maleficent
36%
Dloswa eht Ucylk Bbirat Oswald the Lucky Rabbit
31%
Cluerhse Hercules
24%
Sgonat Gaston
17%
Gfmtine Figment
7%
Dnassse Sadness
5%
No matching quizzes found
Score Distribution
Percent of People with Each Score
Percentile by Number Answered
Your Score History
You have not taken this quiz